Leçons de philosophie chrétienne et de droit naturel : selon les principes de Saint Thomas professées a l'institution Notre-Dame de Rethel : logique, ontologie, cosmologie : tome premier /

Guardat en:
Dades bibliogràfiques
Autor principal: Champenois (autor)
Format: Llibre
Idioma:francès
Matèries:
Etiquetes: Afegir etiqueta
Sense etiquetes, Sigues el primer a etiquetar aquest registre!

MARC

LEADER 00000nam^a2200000^a^4500
001 000380589
005 20250526000000.0
009 20260310120609.973
037 |a Acervo Xavier Clavigero 
041 |a FRA 
082 |a 189. 4  |b AQU EST CHA V. 1 
100 |a Champenois  |e (autor) 
240 1 1 |a [Leçons de philosophie chrétienne et de droit naturel] 
245 1 0 |a Leçons de philosophie chrétienne et de droit naturel :  |b selon les principes de Saint Thomas professées a l'institution Notre-Dame de Rethel : logique, ontologie, cosmologie : tome premier /  |c Champenois. 
264 |a París, Francia :  |b Louis Vivès,  |c 1877 
300 |a 440 p. ;  |c 18.5 cm. 
336 |a texto  |b txt  |2 rdacontenido 
337 |a sin mediación  |b n  |2 rdamedio 
338 |a volumen  |b nc  |2 rdasoporte 
545 0 |a Tomás de Aquino (1225-1274), teólogo y filósofo italiano, máximo representante de la escolástica y fuente de la doctrina tomista y neotomista, perteneció a la Orden de Predicadores (conocidos también como dominicos). Fue canonizado el 18 de julio de 1323, proclamado Doctor de la Iglesia en 1567 y designado el 4 de agosto de 1880 como patrono de las universidades, academias y escuelas católicas del mundo. Su pensamiento, en general, consistió en conciliar las proposiciones racionales con las verdades reveladas, así en filosofía, adoptó el pensamiento aristotélico sin contradecir el cristianismo; en teología, combinó la razón con la fe. Entre sus obras principales se encuentran Suma teológica, Suma contra los gentiles, Comentarios a los libros de Aristóteles, Opúsculo sobre el ser y la esencia, y otros. En la Suma teológica sus planteamientos siguieron un método: aplicó los principios de la revelación divina, utilizó la razón para demostrar su afirmación, objetó algunas proposiciones dudosas y las respondió con razonamientos teológicos o filosóficos. 
561 |a Ex libris de Biblioteca Residencia S.J. Guadalajara 
649 |a XX 
650 |a Lógica 
650 |a Ontología 
650 |a Metafísica 
650 |a Cosmología 
650 |a Cristianismo -  |x Filosofía 
650 |a Tomismo -  |x Historia y Crítica -  |x Tema Principal 
650 |a Escolástica -  |x Historia y Crítica 
650 |a Filosofía Medieval -  |x Historia y Crítica 
650 |a Aquino, Tomás de,  |c Santo 
910 |a Fondo General 
920 |a Impresos - Libros 
930 |a Libros Antiguos y Raros 
905 |a 108 
901 |a 0500275538  |b IT2  |c LRA  |u 20250526 
902 |a https://opac.biblio.iteso.mx/vufind/Record/000380589